000 00259nam a2200109Ia 4500
008 200302s9999 xx 000 0 und d
100 _aGeorge Bickham
245 _aThe Universal Penman
260 _bDover Publications Inc.
260 _c1968
300 _a212 P.,
999 _c232
_d232